000 01748nam a22002537a 4500
001 60196
003 UA-OsUOA
005 20230822102345.0
007 ta
008 20090508b un ||||| |||| 00| 0 ukr d
020 _a9665183478
040 _aUA-OsUOA
_bukr
_cUA-OsUOA
_dUA-OsUOA
041 _aukr
080 _a82.09(091)
090 _a82.09(091)
_bТ50
100 _aТодоров Ц.
245 _aПоняття літератури та інші есе
_cЦвєтан Тодоров ; пер. з фр. Євгена Марічева
260 _aК.
_bКМА
_c2006
300 _a162 с.
520 _aУ книжці зібрано написані в різний час есеї літературознавця, семіотика, лінгвіста Цвєтана Тодорова, присвячені таким темам, як літературні жанри, поетичне і фантастичне, індивідуальна творчість у її зв'язку з жанром та ін. У своїх працях автор звертається до творчості Шарля Бодлера, Артюра Рембо, Генрі Джеймса, Едґара По, Новаліса. Книжка адресована хто вивчає теорію й історію літератури та мовознавство, буде корисною для всіх, хто цікавиться проблемами сучасного гуманітарного знання, прагне знайомства з найвидатнішими здобутками сучасної науки.
650 7 _a82 Література. Літературознавство
_2UDC
942 _cBK
_2udc
955 _a1
999 _c346526
_d346526